| 000 | 01207nam a22003494c 4500 | ||
|---|---|---|---|
| 001 | 198428 | ||
| 003 | SpMaBN | ||
| 005 | 20260604225544.0 | ||
| 008 | 260604s2020 sp | |||| 000 f spa | ||
| 015 | _aMON20 | ||
| 017 |
_aSA 390-2020 _bOficina Depósito Legal Cantabria |
||
| 020 | _a9788412115772 | ||
| 035 | _a(SpMaBN)a6719229 | ||
| 040 |
_aSpMaBN _bspa _cSpMaBNerda |
||
| 080 | _a821.134.2-31"19" | ||
| 100 | 1 |
_aRebollada Gil, José Ramón _d1967- _eautor _4aut _9243189 |
|
| 245 | 1 | 3 |
_aLa santa infamia _cJ. R. Rebollada |
| 250 | _aPrimera edición: julio, 2020 | ||
| 264 | 1 |
_a[Torrelavega] _bEditorial Fanes, _c[2020] |
|
| 264 | 4 | _c©2018 | |
| 300 |
_a351 páginas _c21 cm |
||
| 336 |
_aTexto _2rdacontent |
||
| 337 |
_asin mediación _2rdamedia |
||
| 338 |
_avolumen _2rdacarrier |
||
| 500 | _aRegistro provisional . DJ-27. Depósito J | ||
| 655 | 7 |
_aNovelas históricas _2tgfbne _9226782 |
|
| 852 |
_aES-MaACL _cDEPOJ _jDJ-27 _gDedicatoria autógrafa del autor _hDonación: José Ramón Rebollada Gil _xEncuadernación rustica con solapas _zEn proceso |
||
| 942 |
_2udc _cMONOGRAFIA _n0 |
||
| 956 | _a2 | ||
| 999 |
_c198428 _d198428 |
||